LEADER 01057nam a2200241 i 4500 001 000000032278 003 CaOOAMICUS 005 20250710084637.0 008 180830s1973 it u000 u ita u 040 $aSeMil$bita 100 1 $aAdorno, Theodor Wiesengrund,$d<1903-1969>.$0(OLS)http://semarc/name/7473 240 14$aThe authoritarian personality.$0(OLS)http://semarc/title/43803 245 13$aLa personalitą autoritaria /$cT. W. Adorno ... [et al.] ; in collaborazione con B. Aron ; introduzione di Giovanni Jervis. 260 $aMilano :$bEdizioni di Comunitą,$c1973. 300 $a2 v. ;$c25 cm. 700 1 $aJervis, Giovanni <1933-2009>.$0(OLS)http://semarc/name/14919 700 1 $aAron, Betty.$0(OLS)http://semarc/name/14918 774 0 $tVol. 1.$w()47128 774 0 $tVol. 2.$w()243988 830 0$aClassici della sociologia.$0(OLS)http://semarc/title/454769 996 $6245$aLa personalitą autoritaria$9(OLS)http://semarc/title/43802 996 $6260$aMilano :$bEdizioni di Comunitą$9(OLS)http://semarc/publisher/31458 LEADER 01681nam a2200289 i 4500 001 000000036896 003 CaOOAMICUS 005 20120120000000.0 008 120120s2008 it u000 u ita u 013 $a6812 020 $a978-88-465-0617 040 $aSeMil$bita 245 12$aL'eucaristia :$bfonte e culmine della vita e della missione della chiesa : 11. Assemblea generale ordinaria del Sinodo dei vescovi /$c[a cura di] Roberto Nardin ; Esortazione apostolica postsinodale Sacramentum Caritatis con commento di Rino Fisichella. 260 $aCittą del Vaticano :$bLUP,$c2008. 300 $a1031 p. ;$c24 cm. 490 0 $aSinodo dei Vescovi ;$v1. 500 $aIn cop. : Sinodo dei vescovi, 11. Assemblea generale ordinaria, 2005. - Indicazione di A. sul dorso : Sinodo dei vescovi. - In appendice : Testi della Segreteria del Sinodo dei vescovi. 650 4$aSinodalitą episcopale - Cittą del Vaticano - Atti e documenti.$0(OLS)http://semarc/subject/7232 700 1 $aNardin, Roberto,$d<1962- >.$0(OLS)http://semarc/name/17517 700 1 $aFisichella, Rino,$c.$0(OLS)http://semarc/name/3789 830 0$aSinodo dei Vescovi ;$v1.$0(OLS)http://semarc/title/35408 850 $aSeMil 852 $aSeMil$W1$xVenegono$y1$m2A VI 16$j3051$B3051$CSeMilBibl$Z2$F3051 $81 961 $aOmaggio: Caspani don Pierpaolo 996 $6020$a978-88-465-0617$9(OLS)http://semarc/number/5706 996 $6245$aL'eucaristia :$bfonte e culmine della vita e della missione della chiesa : 11. Assemblea generale ordinaria del Sinodo dei vescovi$9(OLS)http://semarc/title/51381 996 $6260$aCittą del Vaticano :$bLUP$9(OLS)http://semarc/publisher/35778